002420000a220008500045001000017000007000017000172450067000340410013001017730042001141 aBrown, V. K.1 aHyman, P. S.10aSuccessional communities of plants and phytophagous coleoptera0 aInglés1 tJournal of ecologyq963-975d1986g74